Sinh học đại cương Tập 2 Sinh học cơ thể thực vật
Αποθηκεύτηκε σε:
| Κύριος συγγραφέας: | |
|---|---|
| Μορφή: | Βιβλίο |
| Έκδοση: |
Hà Nội
Đại học quốc gia Hà Nội
2001
|
| Θέματα: | |
| Ετικέτες: |
Προσθήκη ετικέτας
Δεν υπάρχουν, Καταχωρήστε ετικέτα πρώτοι!
|
| Thư viện lưu trữ: | Trung tâm Học liệu Lê Vũ Hùng, Trường Đại học Đồng Tháp |
|---|
| LEADER | 00832pam a22002658a 4500 | ||
|---|---|---|---|
| 001 | 00030622 | ||
| 005 | 20171026081023.0 | ||
| 008 | 130520s2001 ||||||Viesd | ||
| 020 | |c 11500 | ||
| 041 | 0 | # | |a Vie |
| 082 | 1 | 4 | |a 571.2 |b S312H |
| 100 | 1 | # | |a Hoàng, Đức Cự |
| 245 | 0 | 0 | |a Sinh học đại cương |c Hoàng Đức Cự |n Tập 2 |p Sinh học cơ thể thực vật |
| 260 | # | # | |a Hà Nội |b Đại học quốc gia Hà Nội |c 2001 |
| 300 | # | # | |a 152 tr |c 20 cm. |
| 653 | # | # | |a Cấu trúc |
| 653 | # | # | |a Trao đổi chất |
| 653 | # | # | |a Thực vật |
| 653 | # | # | |a Phát triển |
| 852 | # | # | |j KD.0014553 |
| 852 | # | # | |b Kho đọc |j KD.0014553 |
| 910 | |d 20/05/2013 | ||
| 980 | # | # | |a Trung tâm Học liệu Lê Vũ Hùng, Trường Đại học Đồng Tháp |